[Event "Brandenburg-ch Seniors 22nd"]
[Site "Berlin"]
[Date "2006.02.23"]
[Round "4"]
[White "Kujawa, Werner"]
[Black "Zarubin, Juri"]
[Result "0-1"]
[WhiteElo "1717"]
[BlackElo "1799"]
[PlyCount "78"]
[EventDate "2006.02.20"]
[EventType "swiss"]
[EventRounds "9"]
[EventCountry "GER"]
[SourceTitle "EXT 2007"]
[Source "ChessBase"]
[SourceDate "2006.11.23"]
[SourceVersion "1"]
[SourceVersionDate "2006.11.23"]
[SourceQuality "1"]

1. e4 c6 2. d4 d5 3. exd5 cxd5 4. Bd3 Nf6 5. Nc3 Nc6 6. Nge2 Bg4 7. f3 Bh5 8. Be3 Bg6 9. Bf2 e6 10. Bxg6 hxg6 11. Qd3 Nb4 12. Qd2 Rc8 13. a3 Nc6 14. 0-0 Bd6 15. Bg3 Ne7 16. Rae1 Nf5 17. Bf4 a6 18. g3 Qc7 19. Bxd6 Nxd6 20. b3 0-0 21. Qg5 Qa5 22. Ne4 Ndxe4 23. fxe4 Nxe4 24. Qe7 Rc7 25. Qb4 Qxb4 26. axb4 Rxc2 27. Nf4 Rfc8 28. Nd3 Rd2 29. Nc5 Nf6 30. Rd1 Rxd1 31. Rxd1 Rc7 32. h3 Kf8 33. Kf2 Ke7 34. g4 g5 35. Ke3 b6 36. Nxa6 Rc3+ 37. Rd3 Ne4 38. Rxc3 Nxc3 39. Kd3 Ne4 0-1